000 00548nam a22001695i 4500
001 53887
003 ES-MaACL
005 20230906162840.0
007 t|
008 960719s1893 sp ||||1| spa d
040 _aCAM
_bspa
_cCAM
100 1 _aFernández y Pérez, Gregorio.
_950188
245 1 0 _aHistoria de las antiguedades de Mérida /
_cescrita por Gregorio Fernández y Pérez.
260 _aMérida :
_btipografía, estereotipia y encuadernación de Plano y Corchero,
_c1893.
300 _a112 p. ;
_c26 cm.
852 _aES-MaACL
_jF-745(2)
999 _c53887
_d53887